000 02295nam a22002774a 4500
001 469
003 OSt
005 20250902075710.0
008 250902b |||||||| |||| 00| 0 eng d
040 _bpor
041 _hpor
082 0 4 _a028.5
_bA481g
100 1 _aAmado, Jorge,
_d1912-2001
_91010
245 1 2 _aO gato Malhado e a andorinha Sinhá:
_buma história de amor /
_cJorge Amado ; [iluminuras e ilustrações de Carybé]. -
250 _a40. ed. -
260 _aRio de Janeiro :
_bRecord,
_c2002.
300 _a55p. :
_bil. ;
520 _aO temperamento do Gato Malhado não era nada bom: bastava aparecer no parque para todos fugirem às pressas. E ele não se importava mesmo com os outros, ia tocando a vida com a indiferença habitual. Até que, chegada certa primavera, o Gato nota que a Andorinha Sinhá não tem receio algum dele. Foi o suficiente para que dali nascesse a amizade dos dois, que se aprofunda com o tempo. No outono, os bichos já viam o Gato com outros olhos, achando que talvez ele não fosse tão ruim e perigoso, uma vez que passara toda a primavera e o verão sem aprontar. Durante esse tempo, até soneto o Gato escreveu. E confessou à Andorinha: "Se eu não fosse um gato, te pediria para casares comigo". Mas o amor entre os dois é proibido, não só porque o Gato é visto com desconfiança, mas também porque a Andorinha está prometida ao Rouxinol. Jorge Amado colheu a história desse amor impossível de uma trova do poeta Estêvão da Escuna, que a costumava recitar no Mercado das Sete Portas, em Salvador, e a colocou no papel com o tom fabular dos contos infanto-juvenis em 1948, quando vivia em Paris. Não era uma história para ser publicada em livro, mas um presente para o filho, João Jorge, que completava um ano de idade. Guardado entre as coisas do menino, o texto só foi reencontrado em 1976. João Jorge entregou então a narrativa a Carybé, que ilustrou as páginas datilografadas. Jorge Amado deu-se por vencido: o livro foi publicado no mesmo ano. O texto foi adaptado mais tarde para teatro e balé.
650 0 _aLiteratura Brasileira
_9205
650 0 _aInfantojuvenil
_9200
650 0 _aFantasia
_945
655 0 _aRomance
_923
655 0 _aFicção
_922
700 0 _aCarybé,
_d1911-1997
_91011
942 _2ddc
_n0
_cBK
999 _c469
_d469